000 00674nam a22002297a 4500
003 UA-OsUOA
001 39636
007 ta
008 20060623b un ||||| |||| 00| 0 ukr d
100 _aВайнштейн О.Л.
090 _a140(091)
_bВ14
942 _cBK
040 _aUA-OsUOA
_brus
_cUA-OsUOA
_dUA-OsUOA
245 _aОчерки развития буржуазной философии и методологии истории в ХІХ-ХХ вв.
300 _a272 с.
955 _a1
041 _arus
080 _a140(091)
260 _aЛенинград
_bНаука
_c1979
650 7 _a1 Філософські науки
_2UDC
999 _c325779
_d325779